|
|
|
|
| LEADER |
00920cam a2200361 7i4500 |
| 001 |
0000031029 |
| 005 |
20140418090000.0 |
| 020 |
0 |
0 |
|a 9781860998010
|
| 090 |
0 |
0 |
|a WESA 338.7025
|b MAJ
|
| 245 |
0 |
0 |
|a Major companies of the Arab world 2014.
|
| 260 |
0 |
0 |
|a London:
|b Graham & Whiteside,
|c 2014.
|
| 300 |
# |
# |
|a 1173 p.
|
| 650 |
0 |
0 |
|a Business enterpises --
|x Directories --
|z Arab countries
|
| 651 |
0 |
0 |
|a Jordan
|
| 651 |
0 |
0 |
|a Gaza and West Bank
|
| 651 |
0 |
0 |
|a Somalia
|
| 651 |
0 |
0 |
|a Iraq
|
| 651 |
0 |
0 |
|a Mauritania
|
| 651 |
0 |
0 |
|a Syria
|
| 651 |
0 |
0 |
|a Qatar
|
| 651 |
0 |
0 |
|a Kuwait
|
| 651 |
0 |
0 |
|a Lebanon
|
| 651 |
0 |
0 |
|a Bahrain
|
| 651 |
0 |
0 |
|a Sudan
|
| 651 |
0 |
0 |
|a Algeria
|
| 651 |
0 |
0 |
|a Libya
|
| 651 |
0 |
0 |
|a Tunisia
|
| 651 |
0 |
0 |
|a Egypt
|
| 651 |
0 |
0 |
|a United Arab Emirates
|
| 651 |
0 |
0 |
|a Oman
|
| 651 |
0 |
0 |
|a Morocco
|
| 651 |
0 |
0 |
|a Saudi Arabia
|
| 999 |
|
|
|a B000034303
|b Directories
|c Regions
|e Business Information Centre
|